[Event "AUTO-INT-3672"]
[Site "http://www.queenalice.com/game.php?id=1759967"]
[Date "2021.5.20"]
[Round "1"]
[White "Ruusgugg"]
[Black "kd4hls"]
[Result "1-0"]
[WhiteElo "1356"]
[BlackElo "1661"]

1. e4 d5 2. e5 Bf5 3. d3 e6 4. d4 Ne7 5. g4 Bg6 6. h4 h6 7. h5 Be4 8. f3 Bxf3 9.
Nxf3 Nec6 10. c4 Bb4+ 11. Nfd2 Qh4+ 12. Rxh4 Nd7 13. a3 Bxd2+ 14. Qxd2 O-O-O 15.
g5 hxg5 16. Qxg5 Rhg8 17. cxd5 exd5 18. b4 f6 19. Qf5 fxe5 20. b5 Ne7 21. Qf7 b6
22. Qxe7 Rde8 23. Qb4 e4 24. Qa4 Nb8 25. Qxa7 1-0

[Event "AUTO-INT-3679"]
[Site "http://www.queenalice.com/game.php?id=1762429"]
[Date "2021.6.17"]
[Round "1"]
[White "rafassj4"]
[Black "kd4hls"]
[Result "0-1"]
[WhiteElo "1672"]
[BlackElo "1685"]

1. e4 e5 2. Nf3 Nc6 3. d4 exd4 4. Nxd4 Nxd4 5. Qxd4 d6 6. Bb5+ Bd7 7. Nc3 Bxb5
8. Nxb5 b6 9. O-O Nf6 10. Bg5 Be7 11. e5 dxe5 12. Qxe5 O-O 13. Nxc7 Rc8 14. Nd5
Nxd5 15. Bxe7 Nxe7 16. Rad1 Qc7 17. Rd6 Ng6 18. Qd5 Qxc2 19. Rd7 a5 20. g4 Qxb2
21. f4 Nh4 22. g5 Rc5 23. Qb7 Nf5 24. Rfd1 Ne3 25. Rxf7 Rxf7 26. Qb8+ Rf8 27.
Rd8 Qg2# 0-1

[Event "AUTO-INT-3679"]
[Site "http://www.queenalice.com/game.php?id=1762430"]
[Date "2021.6.17"]
[Round "1"]
[White "kd4hls"]
[Black "rafassj4"]
[Result "0-1"]
[WhiteElo "1700"]
[BlackElo "1657"]

1. d4 d5 2. Bf4 f6 3. e3 Nc6 4. c4 Be6 5. c5 Nb4 6. a3 Nc6 7. Bb5 Qd7 8. Nf3 Bg4
9. O-O g5 10. Bg3 Nh6 11. b4 Nf5 12. Nbd2 Bxf3 13. Nxf3 Nxg3 14. fxg3 Bh6 15.
Qa4 g4 16. Nh4 Bxe3+ 17. Kh1 Bxd4 18. Rad1 Be5 19. Bxc6 Qxc6 20. Qb3 O-O-O 21.
Nf5 Qd7 22. Nd4 Bxd4 23. Rxd4 e5 24. Rd2 Rhf8 25. Qa4 Qxa4 26. Rd3 e4 27. Re3 a5
28. c6 bxc6 29. bxa5 Qxa5 30. Rf5 Qc5 31. Re1 Qc3 0-1

[Event "AUTO-INT-3679"]
[Site "http://www.queenalice.com/game.php?id=1762447"]
[Date "2021.6.17"]
[Round "1"]
[White "kd4hls"]
[Black "brumbaz"]
[Result "1-0"]
[WhiteElo "1680"]
[BlackElo "1463"]

1. d4 d5 2. Bf4 Nf6 3. e3 e6 4. c4 Bb4+ 5. Nc3 Ne4 6. Ne2 Nc6 7. g3 Na5 8. Qa4+
Nc6 9. a3 Ba5 10. Bg2 Nxc3 11. bxc3 1-0

[Event "AUTO-INT-3679"]
[Site "http://www.queenalice.com/game.php?id=1762448"]
[Date "2021.6.17"]
[Round "1"]
[White "brumbaz"]
[Black "kd4hls"]
[Result "0-1"]
[WhiteElo "1353"]
[BlackElo "1626"]

1. e4 e5 2. Nf3 Nc6 3. Bc4 Bc5 4. d3 Nf6 5. Nc3 O-O 6. Bg5 Nd4 7. Nd5 Be7 8.
Nxe5 d6 9. Bxf6 Bxf6 10. Nxf7 Rxf7 0-1

[Event "AUTO-INT-3679"]
[Site "http://www.queenalice.com/game.php?id=1762449"]
[Date "2021.6.17"]
[Round "1"]
[White "kd4hls"]
[Black "SamuraiJOM"]
[Result "0-1"]
[WhiteElo "1698"]
[BlackElo "1549"]

1. d4 d5 2. Bf4 Bf5 3. e3 Nc6 4. Bb5 a6 5. Bxc6+ bxc6 6. Nf3 h6 7. O-O f6 8. Nh4
Bh7 9. Nc3 g5 10. Bxg5 hxg5 11. Qh5+ Kd7 12. Ng6 Bxg6 13. Qxh8 Nh6 14. a4 Qb8
15. b3 Qe8 16. Rac1 Qf7 17. Ne2 Re8 18. c4 Bg7 19. Qxe8+ Kxe8 20. c5 e5 21. b4
exd4 22. Nxd4 Kd7 23. a5 g4 24. Ne2 Bd3 25. Rfe1 f5 26. Nd4 f4 27. Rc3 Bc4 28.
exf4 Bxd4 29. Rg3 Qxf4 0-1

[Event "AUTO-INT-3679"]
[Site "http://www.queenalice.com/game.php?id=1762450"]
[Date "2021.6.17"]
[Round "1"]
[White "SamuraiJOM"]
[Black "kd4hls"]
[Result "1/2-1/2"]
[WhiteElo "1657"]
[BlackElo "1674"]

1. e4 e5 2. Nf3 Nc6 3. Bc4 Bc5 4. c3 Nf6 5. d4 exd4 6. cxd4 Bb4+ 7. Nbd2 O-O 8.
e5 Ne4 9. O-O d6 10. Nxe4 Bg4 11. h3 Bh5 12. Bg5 Qd7 13. Bf6 Qf5 14. Ng3 Bxf3
15. gxf3 Qxh3 16. d5 Nxe5 17. Bxe5 dxe5 18. a3 Bc5 19. Qd2 Bd6 20. Ne4 Qxf3 21.
Nxd6 cxd6 22. Be2 Qf6 23. Qd3 Rfe8 24. f3 Qg5+ 25. Kf2 Qh4+ 26. Ke3 Qg3 27. Kd2
Qf4+ 28. Ke1 Qg3+ 29. Kd1 Rac8 30. Rc1 Rxc1+ 31. Kxc1 Rc8+ 32. Kb1 Qg5 33. Ka2
h6 34. a4 a6 35. Rd1 Qd8 36. Ka3 Qa5 37. b4 Qc7 38. Kb3 Rb8 39. Rd2 b5 40. a5
Qa7 41. Rc2 Rd8 42. Qe4 Qb7 43. Rc6 Rd7 44. f4 exf4 45. Qxf4 Kh7 46. Bd3+ g6 47.
Rxd6 Rxd6 48. Qxd6 h5 49. Be4 Qc8 50. Bd3 Qh3 51. Kc3 Qe3 52. Qxa6 Qc1+ 53. Bc2
Qa3+ 54. Bb3 Qc1+ 55. Bc2 Qa3+ 56. Bb3 Qa1+ 57. Kd3 Qb1+ 58. Bc2 Qf1+ 59. Kd2
Qc4 60. d6 Qxb4+ 61. Ke2 Qc5 62. Be4 h4 63. d7 Qc4+ 64. Kf3 Qc3+ 65. Kf4 Qc7+
66. Kg5 Qxd7 67. Bxg6+ fxg6 68. Qxg6+ Kh8 69. Kxh4 Qd8+ 70. Qg5 Qxa5 71. Kh5 Qb6
72. Qe5+ Kg8 73. Qe8+ Kg7 74. Qe5+ Kf7 75. Kg5 Qg6+ 76. Kf4 Qf6+ 77. Ke4 Qxe5+
78. Kxe5 b4 79. Kd4 b3 80. Kc3 b2 81. Kxb2 Ke6 1/2-1/2

[Event "AUTO-ADV-4511"]
[Site "http://www.queenalice.com/game.php?id=1762537"]
[Date "2021.6.18"]
[Round "1"]
[White "rodracena"]
[Black "kd4hls"]
[Result "1-0"]
[WhiteElo "1890"]
[BlackElo "1661"]

1. d4 d5 2. c4 c6 3. e3 Bf5 4. Nf3 e6 5. Nc3 Bb4 6. Be2 Nf6 7. O-O O-O 8. Bd2
Bd6 9. c5 Bc7 10. Ne5 Ne4 11. Nxe4 Bxe4 12. f3 Bf5 13. Qe1 Bxe5 14. dxe5 Nd7 15.
f4 Be4 16. b4 b6 17. cxb6 Nxb6 18. Bf3 Bd3 19. Be2 Bb5 20. Rf3 Nc4 21. Rh3 Qb6
22. Bxc4 Bxc4 23. Qh4 h6 24. Rg3 Bd3 25. Qxh6 1-0

[Event "AUTO-ADV-4511"]
[Site "http://www.queenalice.com/game.php?id=1762538"]
[Date "2021.6.18"]
[Round "1"]
[White "kd4hls"]
[Black "rodracena"]
[Result "0-1"]
[WhiteElo "1624"]
[BlackElo "1931"]

1. d4 d5 2. Bf4 c6 3. e3 Nd7 4. c4 Ngf6 5. c5 e6 6. Be2 Be7 7. Nf3 a5 8. O-O b6
9. cxb6 Qxb6 10. b3 O-O 11. Nc3 c5 12. Na4 Qb4 13. dxc5 Nxc5 14. Nxc5 Bxc5 15.
Ne5 Bb7 16. Nd3 Qb6 17. Rc1 Ba3 18. Rc2 Rac8 19. Ne5 Rxc2 20. Qxc2 Rc8 21. Qd3
Ba6 22. Qxa6 Qc5 23. Bg5 Ne4 24. Bf4 g5 25. Bg3 Nxg3 26. fxg3 Rf8 27. Kf2 Qc2
28. Qxa5 Bc1 29. Nd7 Rc8 30. Nb6 Re8 31. Qa4 Rd8 32. Nd7 Qf5+ 33. Kg1 Bxe3+ 34.
Kh1 Qc2 35. Nf6+ Kg7 36. Bd1 Qd3 37. Ng4 Qxf1# 0-1

[Event "AUTO-ADV-4511"]
[Site "http://www.queenalice.com/game.php?id=1762549"]
[Date "2021.6.18"]
[Round "1"]
[White "brettsinclair"]
[Black "kd4hls"]
[Result "1-0"]
[WhiteElo "1750"]
[BlackElo "1687"]

1. e4 e5 2. Nf3 Nc6 3. Bb5 Bc5 4. O-O Nf6 5. d3 O-O 6. Bxc6 dxc6 7. h3 Qe7 8.
Bg5 h6 9. Bh4 Qe6 10. Nbd2 Bd6 11. Re1 Nh5 12. Nf1 Nf4 13. Ne3 Bc5 14. c3 Bxe3
15. Rxe3 b6 16. g4 Nxh3+ 17. Kf1 Qxg4 18. Bg3 Qh5 19. d4 Bg4 20. Qd3 Nf4 21. Qd1
Qh3+ 22. Ke1 Ng2+ 23. Kd2 Qh1 24. Qxh1 1-0

[Event "AUTO-ADV-4511"]
[Site "http://www.queenalice.com/game.php?id=1762550"]
[Date "2021.6.18"]
[Round "1"]
[White "kd4hls"]
[Black "brettsinclair"]
[Result "0-1"]
[WhiteElo "1673"]
[BlackElo "1763"]

1. d4 Nf6 2. Bf4 d6 3. e3 g6 4. c4 Bg7 5. Be2 O-O 6. Nf3 Nh5 7. Bg5 h6 8. Bh4
Nd7 9. O-O g5 10. Nxg5 hxg5 11. Bxg5 Nhf6 12. b4 Nh7 13. Bh4 Qe8 14. c5 dxc5 15.
bxc5 c6 16. Nc3 e5 17. Bh5 Nhf6 18. Qf3 Nxh5 19. Qxh5 Nf6 20. Qf3 Bg4 21. Qg3
Qe7 22. dxe5 Be6 23. Ne4 Kh8 24. Nd6 b5 25. exf6 Bxf6 26. Bxf6+ Qxf6 27. e4 a5
28. Rfe1 Qd4 29. Qh4+ Kg7 30. Qg5+ Kh7 31. Nf5 Bxf5 32. Qxf5+ Kh8 33. Red1 Qg7
34. e5 Rad8 35. Qh5+ Kg8 36. Rd6 Rxd6 37. exd6 Qxa1+ 0-1

[Event "AUTO-ADV-4511"]
[Site "http://www.queenalice.com/game.php?id=1762555"]
[Date "2021.6.18"]
[Round "1"]
[White "fabricioprado"]
[Black "kd4hls"]
[Result "0-1"]
[WhiteElo "1750"]
[BlackElo "1651"]

1. d4 d5 2. c4 c6 3. Nc3 Bf5 4. Nf3 e6 5. Bf4 Be7 6. e3 Nf6 7. c5 O-O 8. Bd3 Bg4
9. O-O b5 10. a3 a5 11. b4 a4 12. h3 Bh5 13. Be2 h6 14. Ne5 Bxe2 15. Qxe2 Ra6
16. Ng4 Nbd7 17. Ne5 Nxe5 18. Bxe5 Ne4 19. Nxe4 dxe4 20. f4 exf3 21. Qxf3 f6 22.
Bh2 Qd5 23. Qe2 f5 24. Rfd1 Bg5 25. Rd3 Raa8 26. Re1 Qe4 27. Bf4 Bh4 28. g3 Bf6
29. h4 Rad8 30. Bd6 Rf7 31. Rf1 e5 32. dxe5 Bxe5 33. Rf4 Bxf4 34. gxf4 Qc4 35.
Rd2 Qc1+ 36. Kg2 Qxa3 37. Rb2 Re8 38. Rb1 Rxe3 39. Qf2 Re4 40. Qd2 Qe3 41. Qxe3
Rxe3 42. Kf2 Rb3 0-1

[Event "AUTO-ADV-4511"]
[Site "http://www.queenalice.com/game.php?id=1762556"]
[Date "2021.6.18"]
[Round "1"]
[White "kd4hls"]
[Black "fabricioprado"]
[Result "1-0"]
[WhiteElo "1681"]
[BlackElo "1710"]

1. d4 d5 2. Bf4 Nf6 3. e3 c6 4. c4 Bf5 5. c5 e6 6. Be2 Be7 7. Nf3 Bxb1 8. Rxb1
Nbd7 9. O-O O-O 10. b4 a6 11. a4 Ne4 12. Qb3 Bg5 13. Nxg5 Nd2 14. Qb2 Nxf1 15.
Bxf1 h6 16. Nf3 Nf6 17. Bd6 Re8 18. Ne5 Ne4 19. Bd3 Nxd6 20. cxd6 Qxd6 21. Qc2
f6 22. Ng6 e5 23. dxe5 fxe5 24. Nh4 e4 25. Be2 Rf8 26. g3 Qf6 27. Bf1 g5 28. Ng2
Rf7 29. Qe2 Raf8 30. Rb2 Qe6 31. Qe1 h5 32. h4 gxh4 33. Nxh4 Qg4 34. Ng2 Rg7 35.
Nf4 h4 36. Bh3 Qg5 37. Ne6 Qg6 38. Nxg7 Qxg7 39. Be6+ Kh8 40. Re2 Rf6 41. Bh3
hxg3 42. Bg2 Rg6 43. f3 exf3 44. Bxf3 Kg8 45. Rg2 Kf7 46. Bh5 Ke6 47. Bxg6 Qxg6
48. Rxg3 Qf5 49. Rg2 Kd6 50. Qg3+ Kd7 51. Rf2 Qe6 52. Qg7+ 1-0

[Event "Challenge"]
[Site "http://www.queenalice.com/game.php?id=1765109"]
[Date "2021.7.23"]
[Round "-"]
[White "Renie"]
[Black "kd4hls"]
[Result "1-0"]
[WhiteElo "1270"]
[BlackElo "1654"]

1. c4 e5 2. Nc3 Bc5 3. a3 Nf6 4. g3 O-O 5. b4 Bd4 6. Bb2 d5 7. c5 Nc6 8. Bg2 Bg4
9. Qc2 a6 10. h3 Bh5 11. e3 Bxc3 12. Qxc3 Qd7 13. Nf3 Bxf3 14. Bxf3 d4 15. exd4
Nxd4 16. Bxb7 Ra7 17. Bg2 Qb5 18. Bf1 Qa4 19. Rc1 Re8 20. Bg2 Nd5 21. Bxd5 Nb5
22. Qb3 Qxb3 23. Bxb3 Nd4 24. Bd5 c6 25. Bg2 a5 26. Bc3 axb4 27. O-O Ne2+ 28.
Kh1 Nxc1 29. Bxb4 Rc7 30. Rxc1 e4 31. Rd1 h6 32. d3 e3 33. fxe3 Rxe3 34. Be4
Rxg3 35. Kh2 Re3 36. Bc3 Re2+ 37. Kh1 Ra2 38. Rb1 g6 39. Rb8+ Kh7 40. Rh8# 1-0

[Event "AUTO-INT-3595"]
[Site "http://www.queenalice.com/game.php?id=1768877"]
[Date "2021.9.4"]
[Round "3"]
[White "kd4hls"]
[Black "Lucasbarbaruiva"]
[Result "1-0"]
[WhiteElo "1607"]
[BlackElo "1683"]

1. d4 d5 2. Bf4 e6 3. e3 Ne7 4. Be2 Nbc6 5. Nf3 g6 6. O-O Bg7 7. c4 O-O 8. c5 b6
9. Bb5 a6 10. Bxc6 Nxc6 11. Nc3 bxc5 12. dxc5 Bxc3 13. bxc3 f6 14. Bh6 Rf7 15.
c4 dxc4 16. Nd4 Nxd4 17. exd4 e5 18. dxe5 Qxd1 19. Raxd1 Bb7 20. exf6 Rxf6 21.
Rd7 Rf7 22. Rfd1 Bc6 23. Rd8+ Rxd8 24. Rxd8+ Rf8 25. Rxf8# 1-0

[Event "AUTO-INT-3595"]
[Site "http://www.queenalice.com/game.php?id=1768878"]
[Date "2021.9.4"]
[Round "3"]
[White "Lucasbarbaruiva"]
[Black "kd4hls"]
[Result "0-1"]
[WhiteElo "1636"]
[BlackElo "1644"]

1. d4 d5 2. e3 Bf5 3. Nf3 Nc6 4. Bb5 a6 5. Bxc6+ bxc6 6. O-O e6 7. b3 c5 8. dxc5
Bxc5 9. Ba3 Qd6 10. Bxc5 Qxc5 11. Nd4 Be4 12. c3 Nf6 13. Qc1 O-O 14. Nd2 a5 15.
Nxe4 Nxe4 16. a3 Qxc3 17. Qxc3 Nxc3 18. Rfc1 c5 19. Nf3 Ne2+ 20. Kf1 Nxc1 21.
Rxc1 Rfc8 22. Ne5 a4 23. Rc3 axb3 24. Rxb3 c4 25. Rc3 Rcb8 26. Ke2 Rb2+ 27. Kf3
Rb3 28. Rc2 h6 29. Nc6 Rbxa3 30. h4 Ra2 31. Rc1 Rb2 32. g4 Raa2 33. g5 hxg5 34.
hxg5 Rxf2+ 35. Kg4 Rfc2 36. Rb1 c3 37. Nb4 Rg2+ 38. Kf4 Raf2+ 39. Ke5 c2 40.
Nxc2 Rf5+ 41. Kd6 Rxc2 42. g6 Rc8 43. Kd7 Ra8 44. Ke7 Ra7+ 45. Kd6 Ra6+ 46. Ke7
fxg6 47. e4 dxe4 48. Rb8+ Kh7 49. Rb3 Rf3 50. Rb2 g5 51. Rh2+ Kg6 52. Rg2 Kf5
53. Kf7 Ra7+ 54. Kg8 g4 55. Kh7 g6+ 56. Kg8 g5 57. Rb2 g3 58. Rb5+ e5 59. Kf8 g2
60. Rb1 Rf1 61. Rxf1+ gxf1=Q 62. Ke8 Qb5+ 63. Kf8 Qb8# 0-1

[Event "AUTO-INT-3595"]
[Site "http://www.queenalice.com/game.php?id=1768881"]
[Date "2021.9.4"]
[Round "3"]
[White "kd4hls"]
[Black "NickThorp"]
[Result "1/2-1/2"]
[WhiteElo "1631"]
[BlackElo "1581"]

1. d4 d5 2. Bf4 Bf5 3. e3 e6 4. Be2 Bb4+ 5. c3 Bd6 6. Bxd6 Qxd6 7. Nf3 Nf6 8.
O-O Nc6 9. Bb5 a6 10. Ba4 b5 11. Bc2 Bxc2 12. Qxc2 Ne4 13. Nbd2 Nxd2 14. Qxd2
O-O-O 15. b4 f5 16. Ng5 Qe7 17. a4 Kd7 18. axb5 axb5 19. Nh3 g5 20. f4 g4 21.
Ng5 h6 22. Nxe6 Qxe6 23. Ra6 Ra8 24. Rfa1 Rxa6 25. Rxa6 Qe4 26. Ra1 h5 27. Rf1
Re8 28. Re1 h4 29. Kf2 h3 30. Rg1 hxg2 31. Rxg2 Qf3+ 32. Kg1 Rh8 33. Rg3 Qe4 34.
Qe1 Rh3 35. Kf2 Rxg3 36. Kxg3 Qf3+ 37. Kh4 Qh3+ 38. Kg5 Ke6 39. Qg3 Qxg3 40.
hxg3 Ne7 41. Kh4 1/2-1/2

[Event "AUTO-INT-3595"]
[Site "http://www.queenalice.com/game.php?id=1768882"]
[Date "2021.9.4"]
[Round "3"]
[White "NickThorp"]
[Black "kd4hls"]
[Result "0-1"]
[WhiteElo "1649"]
[BlackElo "1623"]

1. e4 e5 2. Nf3 Nc6 3. Bb5 Nf6 4. d3 a6 5. Bxc6 bxc6 6. Bg5 d6 7. Nc3 Be7 8. O-O
O-O 9. h3 Nh5 10. Bxe7 Qxe7 11. a3 Be6 12. Nxe5 Nf4 13. Nxc6 Qd7 14. Nd4 Bxh3
15. Nf5 Bxg2 16. Re1 Bh3 17. Qf3 Bxf5 18. Qxf4 Be6 19. f3 Rab8 20. b4 Qc6 21.
Nd5 Bxd5 22. exd5 Qxd5 23. Qe4 Qg5+ 24. Kf2 Qd2+ 25. Re2 Qg5 26. Rg1 Qb5 27. c4
Qa4 28. b5 axb5 29. cxb5 Qxb5 30. Rge1 h6 31. a4 Qc5+ 32. Kg2 Qg5+ 33. Qg4 Qa5
34. Re4 Qd2+ 35. R1e2 Qxd3 36. R2e3 Qd2+ 37. Re2 Qg5 38. Qxg5 hxg5 39. Kg3 c5
40. Kg4 f6 41. Rd2 Rfd8 42. Kf5 Rb4 43. Rxb4 cxb4 44. Rb2 d5 45. Rxb4 d4 46. a5
d3 47. Rb1 Rd5+ 48. Ke4 Rxa5 49. Kxd3 Re5 50. Rb8+ Kh7 51. Rb4 Kh6 52. Kd4 Kg6
53. Rb3 Kf5 54. Rc3 Kf4 55. Rd3 g4 56. fxg4 Kxg4 57. Rd1 Kf5 58. Rf1+ Ke6 59.
Rg1 Kf7 60. Rg4 g5 61. Kd3 Kg6 62. Kd4 Kf5 63. Rg1 Re4+ 64. Kd3 Ke5 65. Rg3 g4
66. Kd2 f5 67. Kd3 Kf4 68. Rg1 Ke5 69. Rg3 Kf4 70. Rg1 g3 71. Rf1+ Kg4 72. Rg1
Rf4 73. Ke3 Rf3+ 74. Ke2 f4 75. Rg2 Re3+ 76. Kd2 Kf3 77. Rg1 Kf2 78. Rc1 g2 79.
Kc2 Re1 80. Rxe1 Kxe1 0-1

[Event "Challenge"]
[Site "http://www.queenalice.com/game.php?id=1772649"]
[Date "2021.10.19"]
[Round "-"]
[White "RAFAELI"]
[Black "kd4hls"]
[Result "1-0"]
[WhiteElo "1669"]
[BlackElo "1638"]

1. e4 e5 2. Qh5 Nc6 3. Bc4 g6 4. Qf3 Nf6 5. d3 Bg7 6. Bg5 Nd4 7. Qd1 O-O 8. c3
Nc6 9. h4 h6 10. Be3 d6 11. f3 Nh5 12. Ne2 a6 13. Qd2 Ne7 14. Bxh6 Kh7 15. Bg5
Qd7 16. g4 Nf6 17. h5 b5 18. Bb3 gxh5 19. gxh5 a5 20. Ng3 a4 21. Bc2 Neg8 22. h6
Nxh6 23. Nf5 Ng8 24. Bd1 f6 25. Be3 Qe8 26. Na3 Bxf5 27. exf5 Qd7 28. Bc2 Qxf5
29. d4 e4 30. Bxe4 1-0

[Event "AUTO-INT-3672"]
[Site "http://www.queenalice.com/game.php?id=1773396"]
[Date "2021.10.28"]
[Round "2"]
[White "kd4hls"]
[Black "Football_rules"]
[Result "1-0"]
[WhiteElo "1660"]
[BlackElo "1715"]

1. d4 d5 2. Bf4 e6 3. e3 Nc6 4. c4 h6 5. c5 a6 6. a3 Nf6 7. Bd3 Bd7 8. Nf3 b6 9.
cxb6 cxb6 10. O-O Be7 11. b4 b5 12. Nc3 Nh5 13. Ne5 Nxf4 14. exf4 Nxd4 15. a4
Bxb4 16. axb5 Bxc3 17. Rxa6 Nxb5 18. Rxa8 Bc8 19. Bxb5+ Ke7 20. Nc6+ Ke8 21.
Nxd8+ Kxd8 22. Ba6 Kd7 23. Qa4+ Kc7 24. Rc1 Bd7 25. Rxc3+ 1-0

[Event "AUTO-INT-3672"]
[Site "http://www.queenalice.com/game.php?id=1773397"]
[Date "2021.10.28"]
[Round "2"]
[White "Ricardoabreu"]
[Black "kd4hls"]
[Result "0-1"]
[WhiteElo "1763"]
[BlackElo "1616"]

1. b3 d5 2. Bb2 Bf5 3. d3 e6 4. g3 c5 5. Bg2 Nf6 6. Qd2 Be7 7. Qg5 O-O 8. Bh3
Bxh3 9. Nxh3 d4 10. Na3 Nd5 11. Qd2 a6 12. Nc4 b5 13. Ne5 Qc7 14. Nf3 b4 15.
Nhg5 Bxg5 16. Nxg5 Nc6 17. Ne4 Qe7 18. h4 a5 19. h5 h6 20. g4 Nc3 21. Bxc3 bxc3
22. Qc1 a4 23. g5 hxg5 24. Nxg5 axb3 25. cxb3 Ne5 26. h6 g6 27. h7+ Kg7 28. Ne4
Ng4 29. a4 Rh8 30. Ng5 Qf6 31. Rf1 Qf5 32. f3 Ne3 33. Rg1 f6 34. Ne4 Rxh7 35.
Nf2 Rah8 36. Ng4 Rh1 0-1